Toplumbilimsel açıdan Türkiye'de büyük kent sorunları (Record no. 6919)

MARC details
000 -BAŞLIK
Sabit Uzunlukta Kontrol Alanı 01013na a2200301 4500
001 - KONTROL NUMARASI
Denetim Alanı 13668
003 - KONTROL NUMARASI IDENTIFIER
Denetim Alanı MIRAKIL
005 - SON İŞLEM TARİHİ VE ZAMANI
Denetim Alanı 20181213155123.0
008 - SABİT-BOY VERİ ELEMANLARI - GENEL BİLGİLER
Sabit Uzunlukta Kontrol Alanı 161012b tu 000 0
035 ## - SİSTEM KONTROL NUMARASI
Sistem Kontrol Numarası 13668
040 ## - KATALOGLAMA KAYNAK
Orijinal Kataloglama Ajansı Milas
Kataloglama Dili tur
Metne Dönüştürmek Ajansı TR-AnCHP
041 ## - DİL KODU
Metin / Ses Parça Veya Ayrı Başlığın Dil Kodu tur
082 ## - DEWEY ONLU SINIFLANDIRMA NUMARASI
Sınıflandırma Numarası 363.7
Ürün Numarası T64t 1973
090 ## - SINIFLAMA NUMARASI
Sınıflama Numarası 363.7 T64t 1973
100 ## - ANA GİRİŞ - KİŞİSEL İSİM
Kişisel Ad Tolan, Barlas
245 ## - BAŞLIK TABLOSU
Başlık Toplumbilimsel açıdan Türkiye'de büyük kent sorunları
Sorumluluk Tablosu, Vb Barlas Tolan
260 ## - YAYIN, DAĞITIM, VB
Yayın, Dağıtım, Vb Yeri [y.y.]
Yayıncı, Dağıtıcı, Vs Adı [yayl. y.]
Yayın, Dağıtım, Vb Tarihi 1973
300 ## - FİZİKSEL TANIM
Kapsam 181 s.
Boyutlar 30 sm.
500 ## - GENEL NOT
Genel Not Sosyal planlama dairesi araştırma şubesi başbakanlık, devlet planlama teşkilatı müsteşarlığı, uzmanlık tezi.
650 ## - KONU KATMA GİRİŞ - TOPİKAL DÖNEM
Topikal Süreli Veya Coğrafi Ad Giriş Elemanı Konut sorunu
Coğrafi Alt Bölümü Türkiye
650 ## - KONU KATMA GİRİŞ - TOPİKAL DÖNEM
Topikal Süreli Veya Coğrafi Ad Giriş Elemanı Büyükşehir belediyesi
Form Alt Bölümü Çevre yönetimi
Genel Alt Bölümü Hava kirliliği
650 ## - KONU KATMA GİRİŞ - TOPİKAL DÖNEM
Topikal Süreli Veya Coğrafi Ad Giriş Elemanı Büyükşehir belediyesi
Genel Alt Bölümü Çevre politikaları
650 ## - KONU KATMA GİRİŞ - TOPİKAL DÖNEM
Topikal Süreli Veya Coğrafi Ad Giriş Elemanı Konut sorunu
Coğrafi Alt Bölümü Türkiye
650 ## - KONU KATMA GİRİŞ - TOPİKAL DÖNEM
Topikal Süreli Veya Coğrafi Ad Giriş Elemanı İç ve dış göç
Coğrafi Alt Bölümü Türkiye
650 ## - KONU KATMA GİRİŞ - TOPİKAL DÖNEM
Topikal Süreli Veya Coğrafi Ad Giriş Elemanı Kent planlama
Coğrafi Alt Bölümü Türkiye
650 ## - KONU KATMA GİRİŞ - TOPİKAL DÖNEM
Topikal Süreli Veya Coğrafi Ad Giriş Elemanı Kentleşme
Coğrafi Alt Bölümü Türkiye
942 ## - EKLENDİ GİRİŞ ELEMANLARI (KOHA)
Sınıflandırma Veya Raf Düzeni Kaynak
Koha Öğesi Türü Books
999 ## - SİSTEM KONTROL NUMARALARI (KOHA)
Koha Biblionumber 6919
Koha Biblioitemnumber 6919
Holdings
Kalıcı Konum Mevcut Konum Edinme Tarihi Edinim Kaynak Toplam Check-Out'Lar Tam Çağrı Numarası Barkod Tarih Son Görülme İtibaren Geçerli Fiyatlar Koha Öğesi Türü
CHP Kütüphanesi CHP Kütüphanesi 08/15/2016 Bağış   363.7 T64t 1973 001265 08/15/2016 08/15/2016 Books